| 000 | 01403cam a22003977a 4500 | ||
|---|---|---|---|
| 003 | CHAP | ||
| 005 | 20220329141051.0 | ||
| 008 | 971013m1995 mx a r 10010 spa d | ||
| 010 | _a62124 | ||
| 011 | _a63096 | ||
| 035 | _a67272 | ||
| 040 | _cCHAP | ||
| 082 | 0 | 4 |
_a634.956063 _bS5 1992 |
| 111 | 0 | 0 |
_aSimposio sobre Reforestación Comercial ( _d1992 _c: Chihuahua, Chih.) _9106423 |
| 245 | 0 |
_aMemoria _c/por INIFAP |
|
| 260 |
_aMéxico, D.F. : _bINIFAP. División Forestal, _c1995. |
||
| 300 |
_a402 p. _b: ilus. |
||
| 410 | 2 | _aINIFAP. División Forestal | |
| 490 | 0 |
_aPublicación especial _v; 65 |
|
| 590 |
_aBATCH-UPD _b10 _c20130110 _lUCH01 _h0305 |
||
| 590 |
_aBATCH-UPD _b10 _c20130110 _lUCH01 _h1252 |
||
| 590 |
_aBATCH-UPD _b10 _c20130409 _lUCH01 _h2337 |
||
| 590 |
_aBATCH-UPD _b10 _c20130410 _lUCH01 _h1544 |
||
| 590 |
_aBATCH-UPD _b10 _c20130914 _lUCH01 _h1913 |
||
| 590 |
_aCONVERSION _b10 _c20130109 _lUCH01 _h1333 |
||
| 650 | 1 | 4 |
_aPináceas. _988210 |
| 650 | 1 | 4 |
_aPlantación de árboles. _988782 |
| 650 | 1 | 4 |
_aReforestación _xCongresos. _995484 |
| 650 | 1 | 4 |
_aReforestación _xMéxico. _995498 |
| 810 | 0 | 0 |
_aINIFAP. División Forestal _958713 |
| 830 | 0 |
_aPublicación especial _v; 65 _992760 |
|
| 901 | _aBK | ||
| 942 | _cLIBRO | ||
| 949 |
_a634.956063 S5 1992 _bBC _cCONG _d-152490 _eCONG _h91678 _i67272 _si |
||
| 949 |
_a634.956063 S5 1992 _bBC _cLIBRO _d33724000959326 _eLIBRO _fc.2 _h95229 _i67272 _si |
||
| 999 |
_c62124 _d62124 |
||